<?xml version="1.0" encoding="UTF-8"?>
<collection xmlns="http://www.loc.gov/MARC21/slim">
 <record>
  <leader>01520aam a22002058a 4500</leader>
  <controlfield tag="001">NCT_1291</controlfield>
  <controlfield tag="008">141231s2014                  ||||||viesd</controlfield>
  <datafield tag="999" ind1=" " ind2=" ">
   <subfield code="c">67</subfield>
   <subfield code="d">67</subfield>
  </datafield>
  <datafield tag="020" ind1=" " ind2=" ">
   <subfield code="a">9786049119903</subfield>
   <subfield code="c">210000</subfield>
  </datafield>
  <datafield tag="082" ind1="0" ind2="4">
   <subfield code="2">23rd ed.</subfield>
   <subfield code="a">666</subfield>
   <subfield code="b">H513</subfield>
  </datafield>
  <datafield tag="100" ind1="1" ind2=" ">
   <subfield code="a">Nguyễn Đăng Hùng</subfield>
  </datafield>
  <datafield tag="245" ind1="1" ind2="0">
   <subfield code="a">Lò nung gốm sứ và vật liệu chịu lửa, lò nung clinke xi măng và vôi, lò nấu thuỷ tinh và frit (lò silicat)</subfield>
   <subfield code="c">Nguyễn Đăng Hùng</subfield>
  </datafield>
  <datafield tag="260" ind1=" " ind2=" ">
   <subfield code="a">H.</subfield>
   <subfield code="b">Bách khoa Hà Nội</subfield>
   <subfield code="c">2014</subfield>
  </datafield>
  <datafield tag="300" ind1=" " ind2=" ">
   <subfield code="a">675tr.</subfield>
   <subfield code="b">minh hoạ</subfield>
   <subfield code="c">27cm</subfield>
  </datafield>
  <datafield tag="520" ind1="3" ind2=" ">
   <subfield code="a">Nội dung tài liệu trình bày những kiến thức cơ bản về cách phân loại nhiên liệu và quá trình cháy; tính toán quá trình cháy nhiên liệu; khí hoá than; chuyển động khí trong lò; trao đổi nhiệt; hệ thu hồi nhiệt; vật liệu chịu lửa và cấu tạo các chi tiết của lò; sấy và lò sấy...</subfield>
  </datafield>
  <datafield tag="942" ind1=" " ind2=" ">
   <subfield code="2">ddc</subfield>
   <subfield code="c">BK</subfield>
  </datafield>
  <datafield tag="952" ind1=" " ind2=" ">
   <subfield code="0">0</subfield>
   <subfield code="1">0</subfield>
   <subfield code="2">ddc</subfield>
   <subfield code="4">0</subfield>
   <subfield code="6">666_000000000000000_H513</subfield>
   <subfield code="7">0</subfield>
   <subfield code="9">406</subfield>
   <subfield code="a">000001</subfield>
   <subfield code="b">000001</subfield>
   <subfield code="d">2017-10-04</subfield>
   <subfield code="o">666 H513</subfield>
   <subfield code="p">MD.00388</subfield>
   <subfield code="r">2017-10-04</subfield>
   <subfield code="v">210000.00</subfield>
   <subfield code="w">2017-10-04</subfield>
   <subfield code="y">BK</subfield>
  </datafield>
  <datafield tag="952" ind1=" " ind2=" ">
   <subfield code="0">0</subfield>
   <subfield code="1">0</subfield>
   <subfield code="2">ddc</subfield>
   <subfield code="4">0</subfield>
   <subfield code="6">666_000000000000000_H513</subfield>
   <subfield code="7">0</subfield>
   <subfield code="9">407</subfield>
   <subfield code="a">000001</subfield>
   <subfield code="b">000001</subfield>
   <subfield code="d">2017-10-04</subfield>
   <subfield code="o">666 H513</subfield>
   <subfield code="p">MD.00389</subfield>
   <subfield code="r">2017-10-04</subfield>
   <subfield code="v">210000.00</subfield>
   <subfield code="w">2017-10-04</subfield>
   <subfield code="y">BK</subfield>
  </datafield>
  <datafield tag="952" ind1=" " ind2=" ">
   <subfield code="0">0</subfield>
   <subfield code="1">0</subfield>
   <subfield code="2">ddc</subfield>
   <subfield code="4">0</subfield>
   <subfield code="6">666_000000000000000_H513</subfield>
   <subfield code="7">0</subfield>
   <subfield code="9">408</subfield>
   <subfield code="a">000001</subfield>
   <subfield code="b">000001</subfield>
   <subfield code="d">2017-10-04</subfield>
   <subfield code="o">666 H513</subfield>
   <subfield code="p">MD.00390</subfield>
   <subfield code="r">2017-10-04</subfield>
   <subfield code="v">210000.00</subfield>
   <subfield code="w">2017-10-04</subfield>
   <subfield code="y">BK</subfield>
  </datafield>
  <datafield tag="980" ind1=" " ind2=" ">
   <subfield code="a">Thư viện Trường Đại học Nam Cần Thơ</subfield>
  </datafield>
 </record>
</collection>
